Statystyki dla Dopasuj Walutę do Kraju #2 (poziom łatwy)

Kliknij tutaj aby rozwiązać quiz!

Ogólne statystyki

  • Ten quiz został rozwiązany 28 razy
  • Średni wynik to 7 z 10

Statystyki odpowiedzi

HintOdpowiedź% Poprawnych
PolskaZłote
100%
SzwecjaKrony
85%
IrakDinary
77%
Korea PołudniowaWony
77%
ChinyJuanie
73%
TailandiaBaty
69%
IzraelSzekeli
65%
BrazyliaReale
58%
Bośnia i HercegowinaMarki
54%
KeniaSzylingi
54%

Rozkład punktacji

Percentyl według liczby udzielonych odpowiedzi

Procent ludzi z każdym wynikiem

Twoja historia wyników

Nie rozwiązałeś tego quizu